Resumen general /

Gespeichert in:
Bibliographische Detailangaben
1. Verfasser: Frean, Silvia
Format: Text
Schlagworte:
Tags: Tag hinzufügen
Keine Tags, Fügen Sie den ersten Tag hinzu!

MARC

LEADER 00000 a a2200000 04500
001 17396
003
040
100 |a Frean, Silvia  
245 |a Resumen general /  |c Silvia Frean 
650 |a ADOLESCENTES  
650 |a PROBLEMAS SOCIALES  
650 |a DELINCUENCIA  
650 |a DELINCUENCIA JUVENIL  
650 |a DELITOS  
650 |a CASTIGO  
650 |a SANCIONES PENALES  
650 |a ASPECTOS JURIDICOS  
650 |a LEGISLACION  
773 |g número 5; páginas 533-545  
999 |c 24385  |d 24385